Science Quiz

Random Science or Elements Quiz

Alphabetical Elements Quiz Stats

 Plays Quiz not verified by Sporcle

Support Sporcle.
Go Orange.
Score 0/118 Timer 15:00
0 Plays Today
% Correct
A-BAluminum
87.6%
A-BBoron
86.8%
A-BActinium
86%
CCadmium
85.6%
CCalcium
85.3%
A-BBarium
85%
A-BArgon
84.8%
A-BArsenic
84.6%
H-LHafnium
84.5%
A-BAmericium
84.3%
A-BAstatine
84.2%
A-BBeryllium
84.1%
A-BAntimony
83.4%
H-LHelium
83.2%
CCopper
82.7%
CCesium
82.5%
H-LHydrogen
82.4%
M-NMagnesium
81.9%
A-BBismuth
81.9%
M-NManganese
81.8%
CCarbon
81.7%
CCobalt
81.4%
H-LIodine
81.2%
D-GEinsteinium
81%
A-BBromine
80.7%
D-GGermanium
80.4%
CChlorine
80.3%
CCerium
80.1%
D-GGold
80.1%
D-GGallium
79.8%
H-LIridium
79.6%
H-LIndium
79.4%
CCalifornium
79.3%
H-LKrypton
79.2%
CCurium
79%
O-POxygen
79%
D-GFluorine
78.7%
D-GErbium
78.4%
D-GDarmstadtium
78.2%
RRadium
78.2%
% Correct
RRadon
78.2%
H-LLithium
77.9%
CChromium
77.8%
U-ZZinc
77.5%
O-POsmium
77.2%
H-LLanthanum
76.6%
O-PPalladium
76.3%
D-GFrancium
76%
A-BBerkelium
75.6%
H-LHolmium
75.6%
U-ZZirconium
75.2%
A-BBohrium
75.1%
H-LHassium
74.5%
D-GDysprosium
74.5%
H-LLawrencium
73.8%
D-GEuropium
73.7%
U-ZYttrium
73.6%
O-PPlatinum
73.6%
O-PPlutonium
73.5%
M-NMolybdenum
73.4%
O-PPhosphorus
73.2%
RRutherfordium
73.2%
D-GGadolinium
73%
M-NNeon
73%
D-GDubnium
72.9%
U-ZUranium
72.8%
D-GFermium
72.8%
M-NNitrogen
72.5%
M-NNickel
71.9%
H-LIron
71.7%
SSelenium
71.6%
U-ZYtterbium
71.5%
M-NMendelevium
71.3%
O-PPolonium
71.3%
H-LLead
71%
SSilicon
70.9%
TTungsten
70.8%
U-ZVanadium
70.8%
U-ZXenon
70.8%
H-LLutetium
70.6%
% Correct
SSulfur
69.6%
RRhenium
69.6%
M-NNobelium
68.9%
RRuthenium
68.7%
TTantalum
68.6%
TTin
68.6%
M-NMercury
68.3%
SSilver
68.2%
TThallium
68.1%
RRhodium
68%
M-NNiobium
67.9%
SSamarium
67.3%
M-NNeptunium
66.3%
M-NMeitnerium
66.1%
SScandium
65.8%
CCopernicium
65.5%
TTellurium
64.6%
SStrontium
64.4%
U-ZUnunpentium
64.3%
O-PPraseodymium
64.2%
TThorium
63.8%
U-ZUnunoctium
63.8%
O-PPromethium
63.7%
O-PProtactinium
63.6%
RRubidium
63.6%
U-ZUnunseptium
63.5%
U-ZUnuntrium
63.3%
O-PPotassium
62.6%
M-NNeodymium
62.2%
TTitanium
61.9%
U-ZUnunhexium
61.9%
SSodium
61.8%
TTechnetium
61.5%
TThulium
61.4%
SSeaborgium
61.4%
U-ZUnunquadium
60.2%
RRoentgenium
60.1%
TTerbium
59.6%

You're not logged in!

Compare scores with friends on all Sporcle quizzes.
OR
Log In

From the Vault

NFL Rushing Leaders by Draft Year

by Ben

These are the teams that chose wisely.
Remove Ads.
Support Sporcle.
Get the best of Sporcle when you Go Orange. This ad-free experience offers more features, more stats, and more fun while also helping to support Sporcle. Thank you for becoming a member.

Show Comments

Extras

Top Quizzes Today


Score Distribution

Your Account Isn't Verified!

In order to create a playlist on Sporcle, you need to verify the email address you used during registration. Go to your Sporcle Settings to finish the process.

Report this User

Report this user for behavior that violates our Community Guidelines.

Details: